| 000 | 01079cam a22002651 4500 | ||
|---|---|---|---|
| 001 | 9199293 | ||
| 003 | BD-DhUL | ||
| 005 | 20160512111931.0 | ||
| 008 | 790620s1924 dcua f000 0 eng | ||
| 010 | _a 24026130 | ||
| 035 | _a(OCoLC)5088437 | ||
| 040 |
_aDLC _cArU _dOCoLC _dDLC _dBD-DhUL |
||
| 042 | _apremarc | ||
| 050 | 0 | 0 |
_aHC407.R8 _bU6 1924 |
| 082 |
_a330.9498 _bGOR |
||
| 110 | 1 |
_aUnited States. _bDepartment of Commerce. |
|
| 245 | 1 | 0 |
_aRumania : _ban economic handbook. Prepared in the Eastern European and Levantine Division, Bureau of Foreign and Domestic Commerce / |
| 260 |
_aWashington : _bGovt. Print. Off., _c1924. |
||
| 300 |
_aviii, 167 p., [4] leaves of plates : _bill., maps ; _c24 cm. |
||
| 500 | _aAt head of title: Department of Commerce. Bureau of Foreign and Domestic Commerce. Julius Klein, director. Special agents series--no. 222. | ||
| 504 | _aBibliography: p. 167. | ||
| 651 | 0 |
_aRomania _xEconomic conditions _y1918-1945. |
|
| 710 | 1 |
_aUnited States. _bBureau of foreign and domestic commerce (Department of commerce) |
|
| 942 |
_2ddc _cBK |
||
| 999 |
_c63909 _d63909 |
||